| 000 | 01134nam a2200241Ia 4500 | ||
|---|---|---|---|
| 999 |
_c39640 _d39640 |
||
| 001 | 6240 | ||
| 003 | GE_BSU | ||
| 005 | 20190617154011.0 | ||
| 008 | 181216s1964||||ge |||||||||||||| ||geo|| | ||
| 040 | _cGE_BSU | ||
| 041 | _ageo | ||
| 080 | _a69(075.8) თ-93 | ||
| 100 |
_aთუხარელი, ნ. _9303 |
||
| 245 |
_aსამშენებლო საქმის საფუძვლები სპეციალური ნაგებობებით : _bდამხმ. სახელმძღვ. / _cნ. თუხარელი, დ. კვაჭაძე ; რედ. ჩ. გურგენიძე |
||
| 264 |
_aთბილისი : _bცოდნა, _c1964. |
||
| 300 |
_a154 გვ. : _bილ. ; _c27 სმ. |
||
| 504 | _aბიბლიოგრ. : გვ.153. | ||
| 653 | _aსამშენებლო საქმის საფუძვლები | ||
| 653 | _aსამშენებლო საქმე | ||
| 700 |
_aკვაჭაძე, დ. _eავტორი _9516 |
||
| 700 |
_aგურგენიძე, ჩ. _eრედაქტორი _92527 |
||
| 942 |
_cBK _2udc |
||